00689 a2200181 4500001000700000020001800007040003200025100002100057245002300078250001300101260001900114300003900133362000900172520026800181650001800449650002600467650001400493120566 a9781509845279 cEscola Canadense de Niteroi aDonaldson, Julia10aTyrannosaurus Drip a2nd. Ed. aUnited Kingdom c5 x 0.2 x 11.81 inches (Hardcover)0 a2017 aEveryone knows that tyrannosauruses are big and scary, so when a placid duckbill dinosaur's egg ends up in the wrong nest confusion is sure to ensue. When the baby dinosaur hatches out, he's so out of place that his grisly big sisters call him Tyrannosaurus Drip. 4aIndividuality 4aChildren's Literature 4aDinosaurs